00598nam a22001697a 450000500170000000800410001701700300005804000230008808200220011110000300013324501400016326000190030330000280032265000100035065100380036070000300039820240530110800.0190122s2018 ua cf g 000 0 eng d bمصر. دار الكتب aEG-CaGPLcEG-CaGPL04221a 915.93/bM J1 aMontapaneewat, Juthekeart12aA Journey through Thailand :bLand of Unforgettable Experience /cphotography by Asmaa Gamal ;Text Written by Juthekeart Montapaneewat  a :Cairoc2015. a159 P. :bill ;c24 cm. 2qrmak042ThailandaDescription and Travels1 aGamal, Asmaaephotography